| 000 | 00789nam a2200205 a 4500 | ||
|---|---|---|---|
| 003 | 0 | ||
| 005 | 20250210105850.0 | ||
| 008 | 120717s19uu xx 00 eng d | ||
| 050 |
_aPGS LB 1062.6 _b.H967 2012 |
||
| 100 | _aHurtado, Marcus Lawrence. | ||
| 245 |
_aAcademic performance and extracurricular activities / _cMarcus Lawrence Hurtado. |
||
| 260 |
_aLas PiƱas City, Philippines : _bSouthville International School and Colleges, _c2012. |
||
| 300 |
_a23 pages : _billustrations ; _c28 cm. |
||
| 504 | _aIncludes bibliographical references. | ||
| 650 |
_aExtracurricular activities _vEducational aspects. |
||
| 650 |
_aAcademic achievement _vInfluences. |
||
| 650 |
_aStudent activities _vImpact on learning. |
||
| 650 |
_aEducation _vBalanced with activities. |
||
| 942 |
_2lcc _cPASS |
||
| 999 |
_c98711 _d98711 |
||